000 00730nam a2200217 a 4500
001 000009989
005 20240412074214.0
008 091002s1997 xxu 000 p spa d
040 _aDO-SdBNP
_bspa
_cBNPHU
041 1 7 _aspa
_2eng
082 _aRD861.44
_bV715b
100 1 _aVillamán Matos, Maitreyi
_924934
245 1 0 _aB X 15 :
_ba poetic journey /
_cMaitreyi Villamán Matos ; introducción Mercedes Amarilis Villamán.
260 _aNew York :
_bLa Maga Press,
_c1997.
300 _a70 cm. ;
_c22 cm.
590 _aInventariado, 2019/LP
650 0 _aPoesía dominicana
_966
650 0 _aLiteratura dominicana.
_967
700 1 2 _aVillamán, Mercedes Amarilis,
_eintrod.
_924935
910 _aValidado. Control de calidad MFF
999 _c9748
_d9748